Pays commençant par C - Statistiques

Statistiques générales
  • Ce quiz a été pris 111 fois
    96 depuis la dernière actualisation
  • Le résultat moyen est 12 sur 17
Statistiques - réponses
Réponse % Correct
Chine
91%
Canada
88%
Cameroun
84%
Chili
79%
Colombie
79%
Croatie
79%
Corée du nord
78%
Corée du sud
78%
Congo
76%
République démocratique du Congo
76%
Comores
71%
Chypre
69%
Cambodge
66%
Costa Rica
63%
Cuba
62%
Cap-Vert
56%
Côte d'Ivoire
51%
Aucun quiz correspondant
Distribution des résultats
% des personnes avec chaque résultat
Percentile par nombre de réponses
Votre historique - résultats
Vous n’avez pas pris ce quiz depuis la dernière actualisation